|
|
|
|
| LEADER |
00000nas a2200000 i 4500 |
| 001 |
ssj0000884222 |
| 003 |
WaSeSS |
| 005 |
20200512172242.0 |
| 006 |
m d |
| 007 |
cr n |
| 008 |
130522c20069999sa ar p s 0 0eng c |
| 010 |
|
|
|a 2013223209
|
| 016 |
7 |
|
|a 101606753
|2 DNLM
|
| 022 |
|
|
|a 1996-1421
|l 1996-1421
|
| 035 |
|
|
|a (WaSeSS)ssj0000884222
|
| 040 |
|
|
|a CNCGM
|b eng
|e pn
|c CNCGM
|d CLU
|d NLM
|d CUS
|d OCLCQ
|d OCLCO
|d SELUL
|d AU@
|d OCLCO
|d OCLCQ
|d OCLCO
|d OCLCQ
|d OCLCO
|d OCLCA
|d OCLCQ
|d OCLCF
|d OCLCO
|d OCLCA
|d WaSeSS
|
| 042 |
|
|
|a pcc
|
| 043 |
|
|
|a f------
|
| 050 |
1 |
4 |
|a HV555.A35
|
| 060 |
0 |
0 |
|a W1
|b JA75
|
| 130 |
0 |
|
|a Jàmbá (Potchefstroom, South Africa)
|
| 245 |
1 |
0 |
|a Jàmbá
|h [electronic resource] :
|b journal of disaster risk studies.
|
| 260 |
|
|
|a [Potchefstroom, South Africa] :
|b [African Centre for Disaster Studies],
|c [2006]-
|
| 310 |
|
|
|a Annual
|
| 362 |
1 |
|
|a Began with vol 1, no 1 (2006).
|
| 506 |
|
|
|a License restrictions may limit access.
|
| 515 |
|
|
|a Publication suspended after vol 1, no 1 (2006) and restarted with vol 2, no 1 (2009).
|
| 515 |
|
|
|a Articles added as received to annual volume in progress.
|
| 550 |
|
|
|a Official journal of the Southern Africa Society for Disaster Reduction.
|
| 588 |
|
|
|a Description based on: Vol 1, no 1 (2006); title from journal home page (journal Web site, viewed July 10, 2013).
|
| 588 |
|
|
|a Latest issue consulted: Vol 6, no 1 (2014) (viewed Mar. 27, 2014).
|
| 650 |
|
0 |
|a Disasters
|x Risk assessment
|z Africa
|v Periodicals.
|
| 650 |
|
0 |
|a Emergency management
|z Africa
|v Periodicals.
|
| 650 |
|
0 |
|a Disasters
|x Social aspects
|z Africa
|v Periodicals.
|
| 650 |
|
0 |
|a Disaster relief
|z Africa
|v Periodicals.
|
| 650 |
1 |
2 |
|a Disasters.
|
| 650 |
|
7 |
|a Disaster relief.
|2 fast
|0 (OCoLC)fst00894731
|
| 650 |
|
7 |
|a Disasters
|x Social aspects.
|2 fast
|0 (OCoLC)fst00894804
|
| 650 |
|
7 |
|a Emergency management.
|2 fast
|0 (OCoLC)fst00908500
|
| 651 |
|
2 |
|a Africa.
|
| 651 |
|
7 |
|a Africa.
|2 fast
|0 (OCoLC)fst01239509
|
| 655 |
|
0 |
|a Electronic journals.
|
| 710 |
2 |
|
|a African Centre for Disaster Studies.
|
| 710 |
2 |
|
|a Southern Africa Society for Disaster Reduction.
|
| 710 |
2 |
|
|a National Disaster Management Centre (South Africa)
|
| 710 |
1 |
|
|a South Africa.
|b Department of Cooperative Governance.
|
| 710 |
1 |
|
|a South Africa.
|b Cooperative Governance & Traditional Affairs.
|
| 776 |
0 |
8 |
|i Print version:
|t Jàmbá (Potchefstroom, South Africa)
|x 2072-845X
|w (OCoLC)427332811
|
| 856 |
4 |
0 |
|z Full text available from Research Library: 01/01/2012 to present
|u https://search.proquest.com/publication/1796352
|